טוען...

Conceptual Readings in the Marketing Economy.

מידע ביבליוגרפי
מחבר ראשי: Narver, John C
מחברים אחרים: Savitt, Ronald
פורמט: Printed Book
שפה:English
יצא לאור: New York Holt, Rinehart and Winston, Inc. 1971
נושאים:
LEADER 00677nam a2200253 a 4500
001 adlib96000001
003 ViArRB
005 20151026131417.0
008 960221s1955 dcuabcdjdbkoqu001 0deng d
020
022
040 |a Adlib 
082 |a 330.17 
245 |a Conceptual Readings in the Marketing Economy. 
250
260 |a New York  |b Holt, Rinehart and Winston, Inc.  |c 1971 
300 |a x, 432 p 
500 |a   
100 |a Narver, John C 
700 |a Savitt, Ronald 
942 |c BK  |6 _ 
653 |a Marketing Economy. 
999 |c 27407  |d 27407 
952 |0 0  |1 0  |4 0  |6 33017_NAR  |7 0  |9 39022  |a UL  |b UL  |d 2010-06-16  |o 330.17 NAR  |p G0001034  |r 2010-06-16  |w 2010-06-16  |y BK